[Event "BPB Limburg-open C"]
[Site "Maastricht"]
[Date "2015.05.24"]
[Round "5"]
[White "Weynjes, Tim"]
[Black "Muntean, Victor"]
[Result "0-1"]
[WhiteElo "1233"]
[BlackElo "1254"]
[PlyCount "144"]
[EventDate "2015.05.22"]
[EventType "swiss"]
[EventRounds "7"]
[EventCountry "NED"]
[Source "P.Boonen"]
[SourceDate "2015.01.01"]

1. e4 e5 2. d4 exd4 3. Bc4 Nf6 4. Nf3 Nxe4 5. Qxd4 Nf6 6. O-O d5 7. Re1+ Be6 8.
Bb5+ c6 9. Ba4 b5 10. Bb3 c5 11. Qd1 c4 12. Ng5 Qd7 13. Nxe6 fxe6 14. Bg5 cxb3
15. Bxf6 gxf6 16. Qh5+ Kd8 17. cxb3 Bb4 18. Re2 Qc7 19. Na3 Bxa3 20. bxa3 e5
21. Qh4 Qd6 22. Rd1 Nc6 23. Red2 Nd4 24. f4 Qb6 25. Kh1 Kc8 26. fxe5 fxe5 27.
Qe7 Qc7 28. Qf6 Kb7 29. a4 Raf8 30. Qg5 Rhg8 31. Qh6 Rg6 32. Qe3 Qf7 33. h3 Qf4
34. Qxf4 Rxf4 35. axb5 Kb6 36. a4 Rg3 37. Rb2 Ka5 38. Kh2 Re3 39. Kh1 Rfe4 40.
Kg1 Re1+ 41. Rxe1 Rxe1+ 42. Kf2 Rc1 43. g4 Rc2+ 44. Rxc2 Nxc2 45. h4 Nd4 46. g5
Nf5 47. h5 Ng7 48. g6 h6 49. Kf3 Nxh5 50. Kg4 Ng7 51. Kf3 h5 52. Kg3 d4 53. Kf3
h4 54. Ke4 d3 55. Kxe5 d2 56. Kf6 d1=Q 57. Kxg7 Qxb3 58. Kh7 Qxa4 59. g7 Qxb5
60. g8=Q Qh5+ 61. Kg7 Qg5+ 62. Kf7 Qxg8+ 63. Kxg8 h3 64. Kf8 h2 65. Ke7 h1=Q
66. Ke6 Qe4+ 67. Kf6 Kb6 68. Kg5 Kc6 69. Kf6 Kd6 70. Kg5 Ke6 71. Kh5 Kf6 72.
Kh6 Qg6# 0-1

[Event "BPB Limburg-open C"]
[Site "Maastricht"]
[Date "2015.05.24"]
[Round "5"]
[White "Zheng, Mandy"]
[Black "Boudry, Rik"]
[Result "0-1"]
[WhiteElo "900"]
[BlackElo "1355"]
[PlyCount "56"]
[EventDate "2015.05.22"]
[EventType "swiss"]
[EventRounds "7"]
[EventCountry "NED"]
[Source "P.Boonen"]
[SourceDate "2015.01.01"]

1. e4 e5 2. Nf3 Nc6 3. Bb5 d6 4. Bxc6+ bxc6 5. O-O Bg4 6. d3 c5 7. Bg5 f6 8.
Be3 Ne7 9. Nc3 Nc6 10. Nd5 Be6 11. Nh4 Ne7 12. Nxe7 Bxe7 13. c4 O-O 14. b3 Bd7
15. Bd2 f5 16. Nf3 f4 17. Ba5 Bg4 18. b4 cxb4 19. Bxb4 c5 20. Bc3 h5 21. Rb1
Rb8 22. Rc1 Qe8 23. Ba5 Qg6 24. Bc7 Rbc8 25. Ba5 Bh3 26. Ne1 f3 27. Bd2 fxg2
28. Nxg2 Qxg2# 0-1

[Event "BPB Limburg-open C"]
[Site "Maastricht"]
[Date "2015.05.25"]
[Round "6"]
[White "Allaart, Jesse"]
[Black "Kumpen, Kurt"]
[Result "0-1"]
[WhiteElo "1230"]
[BlackElo "1417"]
[PlyCount "76"]
[EventDate "2015.05.22"]
[EventType "swiss"]
[EventRounds "7"]
[EventCountry "NED"]
[Source "P.Boonen"]
[SourceDate "2015.01.01"]

1. e4 e6 2. d4 d5 3. exd5 exd5 4. Nf3 Bd6 5. Bd3 Bg4 6. Nc3 c6 7. h3 Bh5 8. Bg5
f6 9. Bh4 Qc7 10. Qe2+ Ne7 11. O-O Nd7 12. Rfe1 O-O-O 13. a4 Bg6 14. a5 Bxd3
15. Qxd3 a6 16. Bg3 Rde8 17. Na4 Bxg3 18. fxg3 Qxg3 19. Nb6+ Nxb6 20. axb6 g6
21. c4 dxc4 22. Qxc4 Nd5 23. Qb3 Nf4 24. Qc2 Nxh3+ 25. Kf1 Nf4 26. Rxa6 Kd7 27.
Rxe8 Rxe8 28. Ra7 Rb8 29. Ra3 Qg4 30. Qd2 Qf5 31. Re3 Nd5 32. Re1 g5 33. Qe2 g4
34. Kg1 gxf3 35. gxf3 Qg6+ 36. Kf1 Re8 37. Qh2 Rxe1+ 38. Kxe1 Qb1+ 0-1

[Event "BPB Limburg-open C"]
[Site "Maastricht"]
[Date "2015.05.25"]
[Round "6"]
[White "Baselmans, Daan"]
[Black "Reusink, Hans"]
[Result "1/2-1/2"]
[WhiteElo "900"]
[BlackElo "1535"]
[PlyCount "110"]
[EventDate "2015.05.22"]
[EventType "swiss"]
[EventRounds "7"]
[EventCountry "NED"]
[Source "P.Boonen"]
[SourceDate "2015.01.01"]

1. e4 c5 2. Nc3 e6 3. Nf3 Nc6 4. Bb5 Qc7 5. d4 a6 6. Bxc6 Qxc6 7. Bf4 Nf6 8.
Qd3 c4 9. Qe3 Bb4 10. d5 Bxc3+ 11. bxc3 Qa4 12. Nd4 O-O 13. e5 Ne8 14. d6 b5
15. O-O Bb7 16. Qg3 Kh8 17. Rfb1 Qa5 18. h4 f6 19. h5 Qd8 20. Re1 fxe5 21. Bxe5
Nf6 22. Qh3 Qe8 23. h6 g6 24. Qh4 Qf7 25. Nf3 Bxf3 26. gxf3 Kg8 27. a4 Nd5 28.
Bg7 Rfe8 29. axb5 axb5 30. Qe4 Qf4 31. Qxf4 Nxf4 32. Rxa8 Rxa8 33. Re5 Nh5 34.
Rxb5 Nxg7 35. hxg7 Kxg7 36. Rb7 Rd8 37. Rc7 Kf6 38. Rxc4 e5 39. f4 Ke6 40. fxe5
Kxe5 41. Rd4 Rc8 42. Rd3 Rc6 43. Kg2 Rxd6 44. Re3+ Kf6 45. Rd3 Ke7 46. f4 Re6
47. Kf3 h5 48. c4 Rd6 49. c5 Rc6 50. Rd5 d6 51. Rxd6 Rxd6 52. cxd6+ Kxd6 53.
Ke4 Ke6 54. c4 Kd6 55. f5 gxf5+ 1/2-1/2

[Event "BPB Limburg-open C"]
[Site "Maastricht"]
[Date "2015.05.25"]
[Round "6"]
[White "Bauer, Juri"]
[Black "Godde, Matthias"]
[Result "1-0"]
[WhiteElo "1418"]
[BlackElo "1562"]
[PlyCount "63"]
[EventDate "2015.05.22"]
[EventType "swiss"]
[EventRounds "7"]
[EventCountry "NED"]
[Source "P.Boonen"]
[SourceDate "2015.01.01"]

1. e4 c5 2. Nf3 Nc6 3. Bb5 g6 4. d4 Bg7 5. c3 Qb6 6. Bxc6 bxc6 7. O-O d5 8. e5
e6 9. Na3 Ne7 10. Nc2 O-O 11. b3 Ba6 12. Re1 Nf5 13. Ne3 Rfc8 14. Nxf5 gxf5 15.
Be3 cxd4 16. cxd4 Rc7 17. Qd2 Kh8 18. Rac1 Rac8 19. Rc2 Bb7 20. Rc5 Bf8 21. Bg5
h6 22. Bxh6 Bxc5 23. dxc5 Qxc5 24. Qg5 f6 25. exf6 Qc3 26. Qg6 Rg8 27. Bg7+
Rcxg7 28. fxg7+ Rxg7 29. Qh6+ Kg8 30. Qxe6+ Rf7 31. Ng5 Kh8 32. Nxf7+ 1-0

[Event "BPB Limburg-open C"]
[Site "Maastricht"]
[Date "2015.05.25"]
[Round "6"]
[White "Been, Klaas"]
[Black "Overtoom, Reinier"]
[Result "0-1"]
[WhiteElo "1722"]
[BlackElo "1739"]
[PlyCount "124"]
[EventDate "2015.05.22"]
[EventType "swiss"]
[EventRounds "7"]
[EventCountry "NED"]
[Source "P.Boonen"]
[SourceDate "2015.01.01"]

1. d4 Nf6 2. Nf3 g6 3. e3 Bg7 4. Bd3 O-O 5. Nbd2 d6 6. O-O Nc6 7. c3 e5 8. Qc2
Nh5 9. Rd1 Kh8 10. Be2 exd4 11. Nxd4 Nxd4 12. cxd4 Nf6 13. b3 d5 14. Bb2 Bf5
15. Bd3 Bxd3 16. Qxd3 Re8 17. Rac1 c6 18. Re1 Nd7 19. Re2 f5 20. Rce1 Nf6 21.
b4 Qb6 22. a3 a5 23. Bc3 a4 24. Rb1 Bf8 25. Ba1 Rec8 26. Ree1 Ne8 27. Kh1 Nc7
28. f3 Re8 29. e4 fxe4 30. fxe4 Qb5 31. Qg3 Rac8 32. exd5 Qxd5 33. Rxe8 Nxe8
34. Nf3 Bg7 35. Rf1 Nd6 36. Re1 Nf5 37. Qh3 h6 38. Ne5 Kh7 39. Qg4 Bxe5 40.
dxe5 Re8 41. Rd1 Qe6 42. Qe4 Re7 43. g4 Ng7 44. h3 Ne8 45. Qc2 Rf7 46. Bb2 h5
47. Qg2 Qb3 48. Rg1 Rf3 49. Kh2 hxg4 50. hxg4 Qe3 51. Re1 Qf4+ 52. Kh1 Rg3 53.
Qh2+ Kg8 54. Rg1 Qf3+ 55. Rg2 Rh3 56. Qxh3 Qxh3+ 57. Kg1 Nc7 58. Kf2 Qd3 59.
Ke1 Ne6 60. g5 Nxg5 61. Bc1 Nf3+ 62. Kf2 Nxe5 0-1

[Event "BPB Limburg-open C"]
[Site "Maastricht"]
[Date "2015.05.25"]
[Round "6"]
[White "Beukema, Christiaan"]
[Black "Van Wijnendaele, Jovanni"]
[Result "1-0"]
[WhiteElo "1470"]
[BlackElo "1593"]
[PlyCount "35"]
[EventDate "2015.05.22"]
[EventType "swiss"]
[EventRounds "7"]
[EventCountry "NED"]
[Source "P.Boonen"]
[SourceDate "2015.01.01"]

1. e4 e6 2. Nf3 d5 3. e5 c5 4. b4 cxb4 5. a3 bxa3 6. Bxa3 Ne7 7. d4 Nbc6 8.
Nbd2 Nf5 9. Bxf8 Kxf8 10. Nb3 Qc7 11. c3 Bd7 12. Bd3 Nce7 13. Qd2 a5 14. O-O h5
15. Rfc1 g6 16. Ng5 Kg7 17. Nc5 Bc6 18. Ngxe6+ 1-0

[Event "BPB Limburg-open C"]
[Site "Maastricht"]
[Date "2015.05.25"]
[Round "6"]
[White "Bijvank, Kylian"]
[Black "Sleurs, Juliette"]
[Result "1-0"]
[WhiteElo "1371"]
[BlackElo "1446"]
[PlyCount "37"]
[EventDate "2015.05.22"]
[EventType "swiss"]
[EventRounds "7"]
[EventCountry "NED"]
[Source "P.Boonen"]
[SourceDate "2015.01.01"]

1. e4 e5 2. Nf3 Nc6 3. d4 exd4 4. Nxd4 Bc5 5. Nb3 Bb6 6. Nc3 d6 7. Qe2 Be6 8.
Be3 Qd7 9. f3 O-O-O 10. Bxb6 axb6 11. O-O-O Qe7 12. Kb1 Nf6 13. Nd4 Nxd4 14.
Rxd4 Bd7 15. Qd2 Rhe8 16. Bb5 Bxb5 17. Nxb5 Nd7 18. Qc3 Qg5 19. Qxc7# 1-0

[Event "BPB Limburg-open C"]
[Site "Maastricht"]
[Date "2015.05.25"]
[Round "6"]
[White "Boudry, Rik"]
[Black "Kumpen, Jona"]
[Result "0-1"]
[WhiteElo "1355"]
[BlackElo "1607"]
[PlyCount "68"]
[EventDate "2015.05.22"]
[EventType "swiss"]
[EventRounds "7"]
[EventCountry "NED"]
[Source "P.Boonen"]
[SourceDate "2015.01.01"]

1. e4 e6 2. Nc3 d5 3. Bb5+ c6 4. Ba4 Nf6 5. e5 Nfd7 6. d4 a6 7. Nf3 c5 8. Bxd7+
Bxd7 9. Bg5 Qc7 10. Ne2 cxd4 11. Nexd4 Nc6 12. c3 Nxe5 13. Nxe5 Qxe5+ 14. Be3
Be7 15. O-O O-O 16. Qd3 Qh5 17. Qe2 Qxe2 18. Nxe2 e5 19. f4 f6 20. f5 Bb5 21.
Rfe1 Rfd8 22. Rad1 Rac8 23. Bb6 Rd7 24. Kf2 Bc5+ 25. Bxc5 Rxc5 26. b3 Bxe2 27.
Rxe2 Rxc3 28. Red2 d4 29. g4 Rdc7 30. h4 h6 31. Ke2 Re3+ 32. Kf2 Rcc3 33. Rg1
Rf3+ 34. Kg2 Rg3+ 0-1

[Event "BPB Limburg-open C"]
[Site "Maastricht"]
[Date "2015.05.25"]
[Round "6"]
[White "Daemen, Jules"]
[Black "Vos, Wolfgang"]
[Result "0-1"]
[WhiteElo "1688"]
[BlackElo "1578"]
[PlyCount "90"]
[EventDate "2015.05.22"]
[EventType "swiss"]
[EventRounds "7"]
[EventCountry "NED"]
[Source "P.Boonen"]
[SourceDate "2015.01.01"]

1. Nc3 d5 2. g3 Nf6 3. Bg2 Nc6 4. d3 e5 5. e4 Bb4 6. Bd2 Bxc3 7. Bxc3 d4 8. Bd2
O-O 9. Ne2 Be6 10. O-O Rc8 11. f4 Re8 12. fxe5 Nxe5 13. Bg5 Neg4 14. h3 h6 15.
Bf4 g5 16. Bd2 Ne5 17. g4 c5 18. Ng3 c4 19. Bb4 Kg7 20. Nf5+ Bxf5 21. Rxf5 a5
22. Be1 cxd3 23. cxd3 Qb6 24. Bg3 Qb5 25. a4 Qc5 26. Qf1 Nfd7 27. Qf2 f6 28.
Rf1 Qd6 29. Bxe5 Rxe5 30. h4 Rxf5 31. exf5 Nc5 32. hxg5 hxg5 33. Qf3 b6 34. Rc1
Qd7 35. Rc4 Re8 36. b4 Re3 37. Qd5 Re1+ 38. Kh2 Qc7+ 39. Kh3 Re3+ 40. Bf3 Qf4
41. Kg2 Nxd3 42. Rxd4 Ne1+ 43. Kf2 Rxf3+ 44. Qxf3 Qxf3+ 45. Kxe1 Qe3+ 0-1

[Event "BPB Limburg-open C"]
[Site "Maastricht"]
[Date "2015.05.25"]
[Round "6"]
[White "De Bruin, Joost"]
[Black "Kokolakis, Panagiotis"]
[Result "1-0"]
[WhiteElo "1724"]
[BlackElo "1379"]
[PlyCount "80"]
[EventDate "2015.05.22"]
[EventType "swiss"]
[EventRounds "7"]
[EventCountry "NED"]
[Source "P.Boonen"]
[SourceDate "2015.01.01"]

1. d4 d5 2. c4 e6 3. Nc3 Nf6 4. Nf3 Nbd7 5. Bg5 b6 6. cxd5 exd5 7. e3 Bb7 8.
Be2 h6 9. Bh4 Be7 10. O-O O-O 11. Rc1 Rc8 12. Nb5 a6 13. Na7 Ra8 14. Nc6 Bxc6
15. Rxc6 Nb8 16. Rc2 Nbd7 17. Rc6 Nb8 18. Rc2 Ne4 19. Bxe7 Qxe7 20. Qc1 Ra7 21.
a3 c5 22. dxc5 bxc5 23. Rd1 Rd8 24. Nd2 Nxd2 25. Rcxd2 Rad7 26. Bg4 Rd6 27.
Qxc5 Rc6 28. Qxe7 Rf8 29. Rxd5 Rc2 30. R5d2 Rc6 31. Rd8 Rxd8 32. Rxd8+ Kh7 33.
Bf5+ Rg6 34. Bxg6+ Kxg6 35. Rxb8 a5 36. Qe4+ f5 37. Rb6+ Kg5 38. h4+ Kh5 39.
Qxf5+ g5 40. g4+ Kxh4 1-0

[Event "BPB Limburg-open C"]
[Site "Maastricht"]
[Date "2015.05.25"]
[Round "6"]
[White "De Cocq, Marc"]
[Black "Van Stiphout, Sophie"]
[Result "0-1"]
[WhiteElo "1277"]
[BlackElo "1390"]
[PlyCount "78"]
[EventDate "2015.05.22"]
[EventType "swiss"]
[EventRounds "7"]
[EventCountry "NED"]
[Source "P.Boonen"]
[SourceDate "2015.01.01"]

1. e4 e5 2. Nc3 Nf6 3. Bc4 Be7 4. d3 c6 5. Nf3 Qc7 6. O-O O-O 7. Bg5 Rd8 8. Nd2
d5 9. exd5 Nxd5 10. Bxe7 Qxe7 11. Re1 Nf6 12. Re3 Bf5 13. Qe1 Re8 14. f3 Nbd7
15. Qg3 Nh5 16. Qf2 Qg5 17. g4 Nf4 18. Qf1 h5 19. Nde4 Bxe4 20. Nxe4 Nh3+ 21.
Kg2 Qxe3 22. Kxh3 hxg4+ 23. Kxg4 Qf4+ 24. Kh3 Kh7 25. Qg2 Rh8 26. Bxf7 Qh6+ 27.
Kg3 g6 28. Kf2 Kg7 29. Bxg6 Qxg6 30. Ng5 Rag8 31. Rh1 Kf8 32. Rg1 Qd6 33. h4
Qd4+ 34. Ke2 Qxh4 35. Nh7+ Qxh7 36. Qf2 Rxg1 37. Qxg1 Qh2+ 38. Qf2 Qxf2+ 39.
Kxf2 Rh2+ 0-1

[Event "BPB Limburg-open C"]
[Site "Maastricht"]
[Date "2015.05.25"]
[Round "6"]
[White "De Cocq, Ramin"]
[Black "Akulova, Alicia"]
[Result "0-1"]
[WhiteElo "1101"]
[BlackElo "1514"]
[PlyCount "70"]
[EventDate "2015.05.22"]
[EventType "swiss"]
[EventRounds "7"]
[EventCountry "NED"]
[Source "P.Boonen"]
[SourceDate "2015.01.01"]

1. d4 d5 2. c4 e6 3. Nf3 Nf6 4. Nc3 Nbd7 5. e3 a6 6. cxd5 exd5 7. Bd3 Bd6 8.
O-O O-O 9. e4 dxe4 10. Nxe4 Nxe4 11. Bxe4 Re8 12. Qc2 Nf6 13. Bg5 h6 14. Bxf6
Qxf6 15. Rfe1 Re7 16. Bd5 c6 17. Rxe7 Bxe7 18. Be4 Be6 19. a3 Rd8 20. Rd1 Bd5
21. b4 Qd6 22. Bxd5 Qxd5 23. Qc3 c5 24. bxc5 Bxc5 25. Rd2 Qe4 26. Rd1 Bb6 27.
h3 Qf5 28. Qb4 Qe6 29. Re1 Qc6 30. Ne5 Qc7 31. Nc4 Bxd4 32. Re7 Qf4 33. Re2
Bxf2+ 34. Rxf2 Rd1+ 35. Rf1 Rxf1# 0-1

[Event "BPB Limburg-open C"]
[Site "Maastricht"]
[Date "2015.05.25"]
[Round "6"]
[White "De Schepper, Marcel"]
[Black "Van Foreest, Machteld"]
[Result "0-1"]
[WhiteElo "1660"]
[BlackElo "1420"]
[PlyCount "70"]
[EventDate "2015.05.22"]
[EventType "swiss"]
[EventRounds "7"]
[EventCountry "NED"]
[Source "P.Boonen"]
[SourceDate "2015.01.01"]

1. d4 d5 2. c4 e6 3. Nc3 Nf6 4. Nf3 Be7 5. e3 O-O 6. Bd3 dxc4 7. Bxc4 Nc6 8. a3
a6 9. O-O b5 10. Bd3 Bb7 11. b4 Bd6 12. Ne4 Nxe4 13. Bxe4 f5 14. Bd3 Ne7 15.
Be2 Nd5 16. Qc2 Qe8 17. Ne5 Bxe5 18. dxe5 Qg6 19. Bf3 Nxb4 20. Qe2 Nd5 21. Bb2
Rad8 22. Bd4 c5 23. Bb2 Rd7 24. Rac1 c4 25. Bd4 Ne7 26. Bxb7 Rxb7 27. Bc5 f4
28. Qf3 Rc7 29. Bd6 fxe3 30. Qxe3 Nf5 31. Qb6 Nh4 32. g3 Nf3+ 33. Kh1 Qe4 34.
Qe3 Qc6 35. h4 Nxe5+ 0-1

[Event "BPB Limburg-open C"]
[Site "Maastricht"]
[Date "2015.05.25"]
[Round "6"]
[White "Dethier, Krista"]
[Black "Kutchoukov, Daniel"]
[Result "0-1"]
[WhiteElo "1325"]
[BlackElo "1471"]
[PlyCount "86"]
[EventDate "2015.05.22"]
[EventType "swiss"]
[EventRounds "7"]
[EventCountry "NED"]
[Source "P.Boonen"]
[SourceDate "2015.01.01"]

1. c4 e5 2. Nc3 Nc6 3. Nf3 f5 4. d4 exd4 5. Nxd4 Qf6 6. Ndb5 Qd8 7. Nd5 Bd6 8.
c5 Bxc5 9. Nbxc7+ Kf7 10. Nxa8 Qa5+ 11. Bd2 Bxf2+ 12. Kxf2 Qxd5 13. Qb3 Qxb3
14. axb3 Nd4 15. e3 Nc6 16. Bc4+ Ke7 17. Nc7 Nf6 18. Rhe1 Ne4+ 19. Ke2 g6 20.
Bd5 Nxd2 21. Kxd2 Rd8 22. Nb5 a6 23. Nd4 Kf6 24. Bxc6 dxc6 25. Kc3 c5 26. Nf3
b5 27. Rad1 Re8 28. Rd6+ Kf7 29. Ng5+ Kg7 30. Re6 Bxe6 31. Rd1 h6 32. Nh3 Bf7
33. Rd3 c4 34. bxc4 bxc4 35. Rd7 Rxe3+ 36. Kd2 Rb3 37. Nf4 Rxb2+ 38. Kc3 Rb3+
39. Kc2 Rb6 40. Kc3 Kf6 41. Nd5+ Bxd5 42. Rxd5 Rc6 43. Ra5 Kg5 0-1

[Event "BPB Limburg-open C"]
[Site "Maastricht"]
[Date "2015.05.25"]
[Round "6"]
[White "Dijkstra, Johan"]
[Black "Allaart, Janne"]
[Result "1/2-1/2"]
[WhiteElo "1640"]
[BlackElo "1451"]
[PlyCount "49"]
[EventDate "2015.05.22"]
[EventType "swiss"]
[EventRounds "7"]
[EventCountry "NED"]
[Source "P.Boonen"]
[SourceDate "2015.01.01"]

1. e4 e5 2. Nf3 Nf6 3. Nxe5 d6 4. Nf3 Nxe4 5. Nc3 Qe7 6. Be2 Nc6 7. Nd5 Qd8 8.
d3 Nf6 9. Nxf6+ Qxf6 10. O-O Be7 11. Re1 O-O 12. Bf1 Qg6 13. d4 Bg4 14. Be2 Bh3
15. g3 Bf5 16. c3 Bh3 17. d5 Ne5 18. Nd4 f5 19. Bh5 Qxh5 20. Qxh5 Bg4 21. Qxg4
fxg4 22. Kg2 Bd8 23. Ne6 Rf7 24. Bf4 Nd3 25. Re2 1/2-1/2

[Event "BPB Limburg-open C"]
[Site "Maastricht"]
[Date "2015.05.25"]
[Round "6"]
[White "Disters, Ingrid"]
[Black "Lemmens, Paul"]
[Result "0-1"]
[WhiteElo "1182"]
[BlackElo "1513"]
[PlyCount "42"]
[EventDate "2015.05.22"]
[EventType "swiss"]
[EventRounds "7"]
[EventCountry "NED"]
[Source "P.Boonen"]
[SourceDate "2015.01.01"]

1. e4 c6 2. Nf3 d5 3. Nc3 Bg4 4. Be2 e6 5. d3 c5 6. exd5 exd5 7. O-O Nf6 8. Bg5
Be7 9. Re1 Nc6 10. d4 O-O 11. Ne5 Bxe2 12. Nxe2 Qc7 13. Bf4 Bd6 14. Ng3 Nxd4
15. c3 Ne6 16. Qd2 Nxf4 17. Qxf4 Rae8 18. Nf5 Bxe5 19. Qg5 Ne4 20. Qg4 Bxh2+
21. Kf1 Nd2# 0-1

[Event "BPB Limburg-open C"]
[Site "Maastricht"]
[Date "2015.05.25"]
[Round "6"]
[White "Disters, Ray"]
[Black "Boons, Lucien"]
[Result "1/2-1/2"]
[WhiteElo "900"]
[BlackElo "1630"]
[PlyCount "56"]
[EventDate "2015.05.22"]
[EventType "swiss"]
[EventRounds "7"]
[EventCountry "NED"]
[Source "P.Boonen"]
[SourceDate "2015.01.01"]

1. e4 d6 2. d4 Nf6 3. Nc3 e6 4. Bd3 Nc6 5. Nf3 e5 6. Be2 Nxd4 7. Nxd4 exd4 8.
Qxd4 Be7 9. f3 Bd7 10. Be3 a6 11. Qd2 Bc6 12. Nd5 Nxd5 13. exd5 Bd7 14. O-O Bf6
15. Bd4 O-O 16. Bxf6 Qxf6 17. c3 Rfe8 18. Rae1 Re7 19. Bd3 Rae8 20. Rxe7 Qxe7
21. Qc2 Qe3+ 22. Kh1 g6 23. Qd1 Kg7 24. Be4 f5 25. Re1 Qg5 26. Bd3 Rxe1+ 27.
Qxe1 Qf6 28. f4 Kf7 1/2-1/2

[Event "BPB Limburg-open C"]
[Site "Maastricht"]
[Date "2015.05.25"]
[Round "6"]
[White "Eijkenboom, Raph"]
[Black "Steinhart, Roel"]
[Result "1-0"]
[WhiteElo "1226"]
[BlackElo "1564"]
[PlyCount "75"]
[EventDate "2015.05.22"]
[EventType "swiss"]
[EventRounds "7"]
[EventCountry "NED"]
[Source "P.Boonen"]
[SourceDate "2015.01.01"]

1. Nf3 e6 2. d4 d5 3. e3 a6 4. a3 Bd6 5. Nc3 Nf6 6. Bd3 Ng4 7. h3 Nf6 8. b4 Nc6
9. e4 dxe4 10. Nxe4 Nxe4 11. Bxe4 O-O 12. d5 exd5 13. Bxd5 Re8+ 14. Be3 Qf6 15.
O-O Bd7 16. Re1 Be7 17. Bxf7+ Qxf7 18. Qxd7 Rac8 19. Re2 Qf6 20. Qd5+ Kh8 21.
Rae1 Rcd8 22. Qg5 Qc3 23. Bd4 Nxd4 24. Rxe7 Nxf3+ 25. gxf3 Rf8 26. R1e5 Rd1+
27. Kh2 Rh1+ 28. Kxh1 Qxf3+ 29. Qg2 Qd1+ 30. Re1 Qd4 31. Re8 Kg8 32. R1e7 Qd1+
33. Kh2 Qd6+ 34. Qg3 Qf6 35. Qxg7+ Qxg7 36. Rxg7+ Kxg7 37. Rxf8 Kxf8 38. Kg3
1-0

[Event "BPB Limburg-open C"]
[Site "Maastricht"]
[Date "2015.05.25"]
[Round "6"]
[White "Haarsma, Rob"]
[Black "Bertrand, Sjors"]
[Result "1/2-1/2"]
[WhiteElo "1421"]
[BlackElo "900"]
[PlyCount "122"]
[EventDate "2015.05.22"]
[EventType "swiss"]
[EventRounds "7"]
[EventCountry "NED"]
[Source "P.Boonen"]
[SourceDate "2015.01.01"]

1. e4 e5 2. d4 exd4 3. c3 d5 4. Qxd4 dxe4 5. Qxd8+ Kxd8 6. Bc4 f5 7. Nh3 h6 8.
Nf4 Ne7 9. Be3 Ke8 10. O-O Na6 11. b4 c6 12. Rd1 Nc7 13. a4 Ncd5 14. Ra2 Bd7
15. Rad2 Rd8 16. b5 g5 17. bxc6 bxc6 18. Nh5 a5 19. Bb6 Rb8 20. Bd4 Rh7 21.
Bxd5 Nxd5 22. c4 Bb4 23. Rb2 Re7 24. cxd5 cxd5 25. Nf6+ Kf7 26. Nxd5 Ree8 27.
Nxb4 axb4 28. a5 b3 29. a6 Bc6 30. Nd2 Bd5 31. a7 Rb4 32. Bc5 Rb5 33. Bd6 Rd8
34. Bb8 Ba8 35. Rdb1 Rbd5 36. Rd1 Ke6 37. Kf1 f4 38. Ke1 e3 39. f3 exd2+ 40.
Rdxd2 Rxd2 41. Rxd2 Rxd2 42. Kxd2 Bd5 43. Kc3 Kd7 44. h3 Kc8 45. Be5 Kb7 46.
Bg7 h5 47. Bh6 g4 48. hxg4 hxg4 49. fxg4 Bxg2 50. Bxf4 Bd5 51. Be3 Bg8 52. g5
Bf7 53. Bd4 Bg8 54. g6 Be6 55. g7 Ka8 56. Kb4 Bf7 57. Kb5 Bd5 58. Kb6 Be6 59.
Kc7 Bd5 60. Kd8 b2 61. Bxb2 Kxa7 1/2-1/2

[Event "BPB Limburg-open C"]
[Site "Maastricht"]
[Date "2015.05.25"]
[Round "6"]
[White "Han, Yichen"]
[Black "Akulov, Lev"]
[Result "1/2-1/2"]
[WhiteElo "1117"]
[BlackElo "1611"]
[PlyCount "114"]
[EventDate "2015.05.22"]
[EventType "swiss"]
[EventRounds "7"]
[EventCountry "NED"]
[Source "P.Boonen"]
[SourceDate "2015.01.01"]

1. e4 e5 2. Nf3 Nf6 3. Nc3 Bb4 4. Nxe5 d6 5. Nf3 Bxc3 6. dxc3 Nxe4 7. Bd3 Nf6
8. O-O O-O 9. Bg5 Bg4 10. h3 Bh5 11. Re1 Nbd7 12. Be4 Rb8 13. Qd4 a6 14. g4 Bg6
15. Bxg6 hxg6 16. Rad1 Re8 17. Rxe8+ Qxe8 18. Re1 Qf8 19. Bxf6 Nxf6 20. Nd2 Re8
21. Ne4 Nxe4 22. Rxe4 Rxe4 23. Qxe4 c6 24. Qe3 Qd8 25. Kg2 Kf8 26. Qd4 Qe7 27.
Qe3 Qxe3 28. fxe3 g5 29. Kf3 Ke7 30. Ke4 Ke6 31. c4 c5 32. c3 a5 33. b3 g6 34.
a3 f5+ 35. Kf3 Ke5 36. Kf2 Ke4 37. Ke2 f4 38. exf4 Kxf4 39. Kf2 Ke4 40. Ke2 d5
41. cxd5 Kxd5 42. Kd3 c4+ 43. bxc4+ Kc5 44. a4 b6 45. Kd2 Kxc4 46. Kc2 b5 47.
axb5 Kxb5 48. Kb3 Kc5 49. Ka4 Kc4 50. Kxa5 Kxc3 51. Kb6 Kd4 52. Kc6 Ke5 53. Kd7
Kf4 54. Ke6 Kg3 55. Kf6 Kxh3 56. Kxg5 Kg3 57. Kxg6 Kxg4 1/2-1/2

[Event "BPB Limburg-open C"]
[Site "Maastricht"]
[Date "2015.05.25"]
[Round "6"]
[White "Harder, Cindy"]
[Black "Mang, Dalya"]
[Result "0-1"]
[WhiteElo "900"]
[BlackElo "900"]
[PlyCount "78"]
[EventDate "2015.05.22"]
[EventType "swiss"]
[EventRounds "7"]
[EventCountry "NED"]
[Source "P.Boonen"]
[SourceDate "2015.01.01"]

1. e4 e5 2. Nf3 Nc6 3. Bc4 Bc5 4. c3 Nf6 5. d3 O-O 6. Bg5 h6 7. Bd2 d6 8. O-O
Bd7 9. Re1 Ng4 10. Be3 Bxe3 11. fxe3 Re8 12. d4 a6 13. d5 Ne7 14. Qe2 Ng6 15.
Nbd2 b5 16. Bd3 Qf6 17. c4 bxc4 18. Bxc4 Nh4 19. Rf1 a5 20. Rac1 Rab8 21. b3 h5
22. Qe1 Ng6 23. a4 c6 24. h3 Nh6 25. Nh2 Qg5 26. Nhf3 Qf6 27. Qg3 h4 28. Nxh4
Qxh4 29. Qxh4 Nxh4 30. Nf3 Nxf3+ 31. Rxf3 cxd5 32. Bxd5 Be6 33. Bc6 Rec8 34.
Kf2 Bd7 35. g4 Nxg4+ 36. Kg3 Nh6 37. Kh2 Bxc6 38. Rg1 Bxe4 39. Rfg3 Rc2+ 0-1

[Event "BPB Limburg-open C"]
[Site "Maastricht"]
[Date "2015.05.25"]
[Round "6"]
[White "Heinen, Dai"]
[Black "Fortenbacher, Dominic"]
[Result "1/2-1/2"]
[WhiteElo "1510"]
[BlackElo "1520"]
[PlyCount "56"]
[EventDate "2015.05.22"]
[EventType "swiss"]
[EventRounds "7"]
[EventCountry "NED"]
[Source "P.Boonen"]
[SourceDate "2015.01.01"]

1. e4 e5 2. Nf3 Nc6 3. Bb5 a6 4. Bxc6 dxc6 5. d3 Bc5 6. Bg5 Nf6 7. Nbd2 h6 8.
Bh4 Bg4 9. Nc4 Bd6 10. c3 Qe7 11. h3 Bxf3 12. Qxf3 g5 13. Bg3 h5 14. O-O-O
O-O-O 15. d4 Nd7 16. dxe5 Bxe5 17. Bxe5 Nxe5 18. Qf5+ Nd7 19. Rd2 Rhe8 20. Re1
Qe6 21. Qxe6 Rxe6 22. f3 f5 23. Kd1 Rde8 24. Rde2 b5 25. Nd2 f4 26. Nb3 c5 27.
Rd2 c4 28. Nd4 Rg6 1/2-1/2

[Event "BPB Limburg-open C"]
[Site "Maastricht"]
[Date "2015.05.25"]
[Round "6"]
[White "Hillenkamp, Melchior"]
[Black "Spanjersberg, Hans"]
[Result "1-0"]
[WhiteElo "1603"]
[BlackElo "1664"]
[PlyCount "137"]
[EventDate "2015.05.22"]
[EventType "swiss"]
[EventRounds "7"]
[EventCountry "NED"]
[Source "P.Boonen"]
[SourceDate "2015.01.01"]

1. d4 e6 2. c4 f5 3. Nc3 Nf6 4. e3 Bb4 5. Bd3 O-O 6. Nge2 b6 7. a3 Bxc3+ 8.
bxc3 Bb7 9. f3 Qe8 10. O-O g5 11. Ng3 h5 12. f4 g4 13. Nh1 Ne4 14. Nf2 g3 15.
Nxe4 gxh2+ 16. Kxh2 Bxe4 17. Bxe4 fxe4 18. g4 Kf7 19. gxh5 Qe7 20. Kh3 Rh8 21.
Rg1 Nc6 22. Ra2 Qf6 23. Rag2 Qf5+ 24. Kh4 Qf6+ 25. Rg5 Ne7 26. Kh3 Rh7 27. Bd2
Nf5 28. Qg4 Rah8 29. Kg2 Nh6 30. Qh3 Nf5 31. Kf1 Qh6 32. Qg4 Qf6 33. Ke2 Rg7
34. Be1 Rhg8 35. Bh4 Qh6 36. Rxf5+ exf5 37. Qxf5+ Ke8 38. Qe5+ Kf8 39. Bf6 Rf7
40. Be7+ Rxe7 41. Rxg8+ Kxg8 42. Qxe7 Qxh5+ 43. Kd2 Qh2+ 44. Kc1 Qg1+ 45. Kb2
Qxe3 46. Qe8+ Kh7 47. Qxd7+ Kg8 48. Qd8+ Kh7 49. Qxc7+ Kh6 50. d5 Qd2+ 51. Kb3
e3 52. Qc6+ Kg7 53. Qd7+ Kh8 54. Qe8+ Kh7 55. Qe7+ Kh8 56. d6 a5 57. Qf8+ Kh7
58. Qf7+ Kh8 59. Qh5+ Kg7 60. Qe5+ Kh7 61. c5 Qd1+ 62. Kc4 e2 63. d7 e1=Q 64.
Qxe1 Qxe1 65. d8=Q Qf1+ 66. Qd3+ Qxd3+ 67. Kxd3 bxc5 68. Kc4 Kg6 69. Kxc5 1-0